Guess The Series/Movies by Their Place (Picture) - Statistics

General Stats
  • This quiz has been taken 13 times
  • The average score is 42 of 100
Answer Stats
Picture Answer % Correct
Moana
91%
Monsters, Inc.
91%
Cars
82%
Harry Potter
82%
Spongebob
82%
Titanic
82%
Avengers
73%
Barbie
73%
The Lion King
73%
Family Guy
64%
Gravity Falls
64%
Interstellar
64%
Kung Fu Panda
64%
Pirates of The Caribbean
64%
Zootopia
64%
Aladdin
55%
Coco
55%
Frozen
55%
Home Alone
55%
How To Train Your Dragon
55%
Lord of The Rings
55%
Megamind
55%
The Matrix
55%
Toy Story
55%
Dune
45%
Finding Nemo
45%
Hotel Transylvania
45%
Indiana Jones
45%
Inside Out
45%
Lilo and Stitch
45%
Madagascar
45%
Mickey Mouse Clubhouse
45%
Mulan
45%
Naruto
45%
Phineas and Ferb
45%
Pokemon
45%
Ratatouille
45%
Tangled
45%
Teletubbies
45%
The Dark Knight
45%
The Incredibles
45%
The Simpsons
45%
Black Panther
36%
Boboiboy Galaxy
36%
Despicable Me
36%
Final Destination
36%
Five Nights At Freddy's
36%
Game of Thrones
36%
Hobbit
36%
Howl's Moving Castle
36%
Hunger Games
36%
Jurassic Park
36%
Oggy and the Cockroaches
36%
Peter Pan
36%
Power Puff Girls
36%
Shrek
36%
Star Wars
36%
Suzume
36%
Teen Titans Go
36%
The Fairly OddParents
36%
Thor
36%
UP
36%
We Bare Bears
36%
Zig and Sharko
36%
Adit Sopo Jarwo
27%
Adventure Time
27%
Alice In Wonderland
27%
A Minecraft Movie
27%
Aquaman
27%
Avatar
27%
Avatar : the Last Airbender
27%
Ben 10
27%
Doc McStuffins
27%
DuckTales
27%
Guardian of The Galaxy
27%
Handy Manny
27%
Kong: Skull Island
27%
La La Land
27%
My Little Pony
27%
Pada Zaman Dahulu
27%
Puss In Boots
27%
Rise of the Guardians
27%
Sofia the First
27%
Sonic
27%
Spider-Man: Across the Spider-Verse
27%
Steven Universe
27%
Stranger Things
27%
Superman
27%
Teenage Mutant Ninja Turtles
27%
The Amazing World of Gumball
27%
The Chronicles of Narnia
27%
The Good Dinosaur
27%
The Wizard of Oz
27%
Tom and Jerry
27%
Upin Ipin
27%
WALL-E
27%
Wild Robot
27%
X-Men
27%
Your Name
27%
Transformers
18%
No matching quizzes found
Score Distribution
Percent of People with Each Score
Percentile by Number Answered
Your Score History
You have not taken this quiz